00326nam a2200133Ia 4500003000400000005001700004008004100021020001800062040002700080100001700107100000900124245004900133260001000182OSt20240104110839.0170524s9999 xx 000 0 und d a9788120340985 ciimt university meerut aMANNA SAMITA c2012 0aVALUE AND ETHICS IN BUSSINESS AND PROFESSION aP.H.I